Statistics for Pictures by Letter - M

Click here to take the quiz!

General Stats

  • This quiz has been taken 17,142 times
  • The average score is 13 of 16

Answer Stats

Answer % Correct
Monopoly
98%
Mascara
94%
Mammoth
91%
Madonna
89%
Moscow
87%
Macaron
81%
Mao
80%
Meerkat
79%
Matador
79%
Mercury
76%
Meteor
76%
Morse
73%
Malaysia
71%
Manatee
69%
Metronome
67%
Magpie
54%

Score Distribution

Percentile by Number Answered

Percent of People with Each Score

Your Score History

You have not taken this quiz